| 000 | 00571nam a2200205Ii 4500 | ||
|---|---|---|---|
| 003 | JO-AjNU | ||
| 008 | 230606s9999||||xx |||||||||||||| ||und|| | ||
| 020 | _a81-7169-771-2 | ||
| 040 |
_aJO-AjNU _beng _erda _cJO-AjNU |
||
| 041 | _aeng | ||
| 050 | 1 | 4 | _aBF31.S52.2008 |
| 100 | 3 |
_aA. S. Sharma, _eauthor _91300 |
|
| 245 | 0 | 0 | _aDictionary of psychology |
| 264 | 3 | 1 | _aNew Delhi :A. P. H،2008 |
| 300 | _a245p | ||
| 336 |
_atext _btxt _2rdacontent |
||
| 337 |
_aunmediated _bn _2rdamedia |
||
| 338 |
_avolume _bnc _2rdacarrier |
||
| 650 | 4 |
_aPsychology -- Dictionaries _91301 |
|
| 999 |
_aE684 _c684 _d684 |
||